00364nam a2200133Ia 450000500170000000800410001702000150005808200130007310000230008624500220010926000570013130000120018850000300020020250606011323.0240331s9999 xx 000 0 und d a9556520198 bWICa306 aWickramarachchi, S 0aSapalath gahaniya amulleriyawabWijayasooriya grantha kentharaiyac1999 a99 p ., aA boom about cursed women